Institution d' un prince, ou, Traité des qualitez, des vertus et des devoirs d' un souverain.

Detalles Bibliográficos
Formato: Libro
Lenguaje:Undetermined
French
Publicado: a Londres : chez Jean Nourse, 1740.
Materias:
Colección:Banco de datos
Acervo:Biblioteca Palafoxiana. Colección bibliográfica
Descripción Física:t. ; 8°
Tema general:Política
Notas:Ex libris manuscrito: "par Monsieur l'abbe Du Guet F. Henrycus Josephus [Durol] ordinis Praedicatorum conventus remensis alumnus 1750". Número de localización: t.1 (19418) ; t.2 (19419) ; t.3 (19420) ; t.4 (19421)
LEADER 00697nam a2200157Ia 4500
008 150723s9999 xx 000 0 und d
041 0 |a fre 
050 0 |a PAFX JA71 I5 
245 1 0 |a Institution d' un prince, ou, Traité des qualitez, des vertus et des devoirs d' un souverain. 
260 |a a Londres : chez Jean Nourse, 1740. 
300 |a t. ; 8° 
500 |a Ex libris manuscrito: "par Monsieur l'abbe Du Guet F. Henrycus Josephus [Durol] ordinis Praedicatorum conventus remensis alumnus 1750". Número de localización: t.1 (19418) ; t.2 (19419) ; t.3 (19420) ; t.4 (19421) 
650 1 0 |a Política 
942 |c PALALIB 
943 |g Biblioteca Palafoxiana. Colección bibliográfica 
999 |c 1057439  |d 1057439